000 01083nam a22002177a 4500
999 _c59073
_d59073
003 Ge_BSU
005 20221116161045.0
008 221116s2009 ge ||||| |||| 00| 0 geo d
020 _a9789941906381
041 _ageo
080 _a341.231.14 ა-26
245 _aადამიანის უფლებათა დაცვის თანამედროვე გამოწვევები : სტატიათა კრებული /
_cრედ. კონსტანტინე კორკელია.
264 _aთბილისი :
_b[GTZ],
_c2009.
300 _a296 გვ. ;
_b23 სმ.
504 _aბიბლიოგრ. ტექსტ. შენიშვნ.
653 _aადამიანის ძირითადი უფლებები
700 _aალექსიძე, თამარ
_eავტორი
_96435
700 _aბართაია, ირინე.
_eავტორი
_915866
700 _aბოხაშვილი, ბესარიონ
_eავტორი
_96433
942 _2udc
_cBK